The Nickname Game Quiz Stats

Quiz Updated Jan 18, 2012

Also try: Musician Nicknames
Challenge
Share
Tweet
Embed
Score 0/60 Timer 09:00
0 Plays Today
% Correct
Las Vegas
90.3%
Australia
86.6%
New York City
84.1%
Madonna
79.2%
Aretha Franklin
73.8%
Bruce Springsteen
73.1%
Japan
72.4%
Ireland
71.9%
Hollywood
71.1%
Frank Sinatra
70.9%
Margaret Thatcher
69.7%
Jerusalem
69.7%
Reggie Jackson
69.5%
Donald Trump
69.2%
George W. Bush
69.1%
Hugh Hefner
69.1%
Canada
67.6%
Abraham Lincoln
67.4%
Johnny Cash
66.7%
Sylvester Stallone
66.6%
Andrew Jackson
64.7%
James Brown
64.3%
Charles Barkley
63.5%
John Wayne
62.2%
Paris
62%
Alcatraz
61.4%
Queen Elizabeth I of England
60.9%
David Beckham
58.9%
King Richard I of England
57.8%
Arnold Schwarzenegger
55.8%
% Correct
Florence Griffith Joyner
51.2%
Humphrey Bogart
50.7%
Louis Armstrong
49.6%
Jack Nicklaus
49%
William Shakespeare
48.1%
Barbra Streisand
47.5%
Wayne Gretzky
47.4%
Ronald Reagan
47.2%
Alfred Hitchcock
46.9%
Willie Mays
46.3%
Thomas Jefferson
45.1%
Pete Rose
44.6%
Eric Clapton
40.7%
Walter Payton
39.2%
Jack Kevorkian
38.5%
William Cody
34.3%
John Coltrane
28.3%
Curtis Joseph
25.2%
William Henry Harrison
24.4%
Ted Kaczynski
22.5%
Leona Helmsley
19.9%
Charlie Parker
16.1%
Lon Chaney
15.1%
Joseph Merrick
11%
Graham Kerr
8.5%
Napoleon Bonaparte
7.7%
Josef Mengele
6.9%
Buster Keaton
6.9%
Jackie Coogan
3.6%
Irwin Allen
3%

You're not logged in!

Compare scores with friends on all Sporcle quizzes.
Join for Free
OR
Log In

You Might Also Like...

Show Comments

Extras

Top Quizzes Today


Score Distribution

Your Account Isn't Verified!

In order to create a playlist on Sporcle, you need to verify the email address you used during registration. Go to your Sporcle Settings to finish the process.

Report this User

Report this user for behavior that violates our Community Guidelines.

Details: